Cereal Mascot... Or Cereal killer? - Statistics

General Stats
  • This quiz has been taken 19 times
  • The average score is 11 of 18
Answer Stats
Question Answer % Correct
Sir Grapefellow Mascot
89%
BTK Killer
83%
Cookie Jarvis Mascot
83%
Fruit Brute Mascot
78%
Pogo the Clown Killer
72%
The Doodler Killer
72%
Charlie Chop-off Killer
67%
The Smackin Brothers Mascot
61%
Moon Maniac Killer
56%
Krinkles the Clown Mascot
56%
Bigg Mixx Mascot
56%
Cracko Mascot
56%
Pee Wee Killer
44%
Lady Bluebeard Killer
44%
Sunny Jim Mascot
44%
Hunger Mascot
44%
Brick Moron Killer
39%
Handy Mascot
28%
No matching quizzes found
Score Distribution
Percent of People with Each Score
Percentile by Number Answered
Your Score History
You have not taken this quiz